| 000 | 00642nam a22002297a 4500 | ||
|---|---|---|---|
| 005 | 20180918143539.0 | ||
| 008 | 180918b xxu||||| |||| 00| 0 eng d | ||
| 020 |
_a0132274086 _cRs 2473 |
||
| 040 | _beng | ||
| 041 | _aEnglish | ||
| 082 |
_a930 _bFAG |
||
| 100 | _aFagan, Brian M | ||
| 245 |
_aPeople of the earth _bAn introduction to world prehistory _cBrian M Fagan |
||
| 250 | _a12th ed | ||
| 260 |
_aNew Jersey _bPearson Prentice Hall _c2007 |
||
| 300 |
_axxii,598p _b26 cm, ill |
||
| 504 | _aIncludes bibliography and index | ||
| 650 | _aPrehistoric peoples | ||
| 650 | _aCivilization, Ancient | ||
| 850 | _aLCLIB | ||
| 942 | _cBK | ||
| 999 |
_c41807 _d92286 |
||